| 000 | 00447cam a2200181ua 4500 | ||
|---|---|---|---|
| 020 | _c30 | ||
| 041 |
_aeng _h |
||
| 082 |
_a828.09 _bKIL/CR |
||
| 100 | _aKillbam, John . | ||
| 245 |
_aCritical essays on the poetry of Terryson / _cJohn Killbam. _hTextual Documents |
||
| 250 |
_a1 / _b. |
||
| 260 |
_aLondon : _bRoutledge & Kega Paul , _c1963. |
||
| 300 | _a263 ; . | ||
| 365 | _a30 | ||
| 504 | _a | ||
| 942 | _cBK | ||
| 999 |
_c3278 _d3278 |
||